000 00733cam a22002291 4500
001 af 48002151
003 DLC
005 20260227110853.0
008 940714s1947 gw 000 1 ger c
010 _aaf 48002151
035 _a(OCoLC)30760668
040 _aBrown Univ. Library
_cRPB
_dRPB
_dDLC
_dWaU
050 0 0 _aQL795.C6
_bS414
100 1 _aSeton, Ernest Thompson,
_d1860-1946.
245 1 0 _aTito, die Geschichte einer Präriewölfin.
260 _a[Stuttgart,
_bKultministerium,
_c1947]
300 _a32 p.
_c21 cm.
500 _aFrom the author's Lives of the hunted.
500 _aIllustrated cover t.-p.
500 _a"Genehmigt für den Gebrauch in Schulen durch Education and Religion."
650 0 _aCoyote
_vFiction.
999 _c4892
_d4892